000 00319nam a22001337a 4500
008 180216b xxu||||| |||| 00| 0 eng d
020 _a9780619201807
041 _aeng
080 _23 ed
_a37
100 _a48
101 _aedu
245 _aintergrating technology in the classroom
_cshelly.c
942 _2udc
_cBK
999 _c42789
_d42789